000 00470nam a22001697a 4500
999 _c60690
_d60690
005 20231009122856.0
008 231009s1995 gw ||||| |||| 00| 0 ger d
020 _a3929031019
041 _ager
080 _a745 E-14
100 _aPaul, Eberhard
_920035
245 _aSchwarzfigurige Vasen /
_cEberhard Paul.
264 _aLeipzig,
_c1995.
300 _a60 p.;
_bill. ;
_c21 cm.
653 _aშავფიგურიანი ვაზები
942 _2udc
_cBK